000 00295nam a22001337a 4500
003 SGT
020 _a9788196155957
082 _a428,SIV
100 _aSIVAKUMAR, D.
245 _aLANGUAGE ACROSS THE CURRICULUM
260 _aJAIPUR
_bPOINTER PUBLISHARS
_c2023
300 _a176
942 _2ddc
_cBK
999 _c33850
_d33850